000 00439nam a2200169Ia 4500
008 130318s9999 xx 000 0 und d
020 _a817366028x
082 _a005.7585O ENS/O
100 _aEnsor, Dave.
245 _aOracle8 design tips
260 _bOreilly/Shroff Publishers and Distributors
_aMumbai
_c1998
300 _a115
650 _aDATABASE MANAGEMENT SYSTEMS
650 _aDBMS
650 _aORACLE
700 _aStevenson, Ian
999 _c77
_d77